000
00285nam a2200097Ia 4500
082
_a
SOT KF DAWE
245
0
_a
Qwaha le lefiritshwane
100
_a
DAWE, Lesley Geekie Auckland Park, South Africa, 2008 Repr
_9
54095
942
_c
BK
008
210817s9999 xx 000 0 und d
999
_c
171310
_d
171309